000 00558nam a22002057a 4500
003 OSt
005 20160727104651.0
008 121122t xxu||||| |||| 00| 0 eng d
020 _a0140301321
050 _aPZ 7
_b.L673 1950
082 _aKF
_bL58l 1950
100 _aLewis, C.S.
_96322
245 _aThe Lion, the Witch & the Wardrobe /
_cC.S Lewis ; illustrated by Pauline Baynes.
260 _aEngland:
_bPenguin Books,
_c1950.
300 _g18 cm.
_a171 p. :
_bill. ;
562 _e1
650 _aFiction
_9746
942 _2lcc
_cBK
999 _c1348
_d1348